000 01114nam a22003257a 4500
003 CHAP
005 20220329140316.0
008 971013s1978 mx r 00010 spa d
010 _a50147
011 _a51119
035 _a55269
040 _cCHAP
082 0 4 _a575.0162
_bP5Y
100 0 0 _aPiaget, Jean.
_987937
245 1 0 _aAdaptación vital y psicología de la inteligencia :
_bselección orgánica y fenocopia
_c/por Jean Piaget
260 _aMéxico :
_bSiglo XXI,
_c1978
300 _a190 p.
490 0 _aPsicología y etiología
590 _aBATCH-UPD
_b10
_c20130110
_lUCH01
_h1206
590 _aBATCH-UPD
_b10
_c20130410
_lUCH01
_h0747
590 _aBATCH-UPD
_b10
_c20130913
_lUCH01
_h1931
590 _aCONVERSION
_b10
_c20130109
_lUCH01
_h1327
650 1 4 _aAdaptación (Biología)
_9879
650 1 4 _aEvolución.
_939007
830 0 _aPsicología y etiología
_992620
901 _aBK
942 _cLIBRO
949 _a575.0162 P5Y
_bBC
_cLIBRO
_d33724000478806
_eLIBRO
_fc.2
_gI.c/e
_h67230
_i55269
_si
_t500.00
949 _a575.0162 P5Y
_bBC
_cLIBRO
_d33724000478814
_eLIBRO
_gI.c/e
_h67229
_i55269
_si
_t500.00
999 _c50147
_d50147